|
|
|
|
| LEADER |
00000cam a2200000 a 4500 |
| 001 |
69442 |
| 003 |
CZ-ZlUTB |
| 005 |
20240829152736.0 |
| 007 |
ta |
| 008 |
120606s2012 xr ab e 001 0dcze |
| 015 |
|
|
|a cnb002372238
|
| 020 |
|
|
|a 9788026100850
|q (brož.)
|
| 035 |
|
|
|a (OCoLC)806199808
|
| 040 |
|
|
|a OLA001
|b cze
|d ABA001
|d ZLD002
|
| 041 |
0 |
|
|a cze
|b eng
|
| 043 |
|
|
|a e-xr---
|
| 045 |
|
|
|a x8y1
|
| 072 |
|
7 |
|a 316.4/.7
|x Sociální interakce. Sociální komunikace
|2 Konspekt
|9 18
|
| 080 |
|
|
|a 316.334.55/.56
|2 MRF
|
| 080 |
|
|
|a 2-784
|2 MRF
|
| 080 |
|
|
|a 316.74:2
|2 MRF
|
| 080 |
|
|
|a 2-67
|2 MRF
|
| 080 |
|
|
|a 316.72/.75
|2 MRF
|
| 080 |
|
|
|a 316.42
|2 MRF
|
| 080 |
|
|
|a (437.3)
|2 MRF
|
| 080 |
|
|
|a (048.8)
|2 MRF
|
| 100 |
1 |
|
|a Váně, Jan,
|d 1976-
|7 pna2007418548
|4 aut
|
| 245 |
1 |
0 |
|a Komunita jako nová naděje? :
|b náboženské (ne)institucionalizované komunity z pohledu sociologie náboženství /
|c Jan Váně
|
| 250 |
|
|
|a Vyd. 1.
|
| 260 |
|
|
|a Plzeň :
|b Západočeská univerzita v Plzni,
|c 2012
|
| 300 |
|
|
|a 187 s. :
|b il., mapy ;
|c 21 cm
|
| 504 |
|
|
|a Obsahuje bibliografii, bibliografické odkazy a rejstřík
|
| 520 |
9 |
|
|a Autor se ve své práci zabývá funkcí a možnostmi sociálních skupin - komunit. Vedle stručného dějinného vývoje předkládá rovněž kvantitativní a kvalitativní analýzu laických náboženských komunit v České republice.
|
| 546 |
|
|
|a Anglické resumé
|
| 655 |
|
7 |
|a studie
|7 fd133597
|2 czenas
|
| 655 |
|
9 |
|a studies
|2 eczenas
|
| 648 |
|
7 |
|a od 1989
|7 ch462156
|2 czenas
|
| 650 |
0 |
7 |
|a komunity (sociologie)
|7 ph121773
|2 czenas
|
| 650 |
0 |
7 |
|a náboženské komunity
|7 ph115478
|z Česko
|y od 1989
|2 czenas
|
| 650 |
0 |
7 |
|a sociologie náboženství
|7 ph135564
|2 czenas
|
| 650 |
0 |
7 |
|a náboženství a společnost
|7 ph138511
|z Česko
|y od 1989
|2 czenas
|
| 650 |
0 |
7 |
|a pluralismus (společnost)
|7 ph135655
|z Česko
|y od 1989
|2 czenas
|
| 650 |
0 |
7 |
|a sociální změna
|7 ph125820
|z Česko
|y od 1989
|2 czenas
|
| 650 |
0 |
9 |
|a communities (sociology)
|2 eczenas
|
| 650 |
0 |
9 |
|a religious communities
|z Czechia
|y 1989-
|2 eczenas
|
| 650 |
0 |
9 |
|a sociology of religion
|2 eczenas
|
| 650 |
0 |
9 |
|a religion and society
|z Czechia
|y 1989-
|2 eczenas
|
| 650 |
0 |
9 |
|a pluralism (society)
|z Czechia
|y 1989-
|2 eczenas
|
| 650 |
0 |
9 |
|a social change
|z Czechia
|y 1989-
|2 eczenas
|
| 910 |
|
|
|a ZLD002
|
| 952 |
|
|
|0 0
|1 0
|4 0
|6 3166VÁNĚJ
|7 0
|8 BOOK
|9 126104
|a UTBZL
|b UTBZL
|c 005
|d 2014-02-19
|l 0
|o 316.6/VÁNĚ,J.
|p 420010152424
|r 2019-08-26 00:00:00
|v 199.00
|w 2019-08-26
|x N:nákup; | 20100831
|y 01
|
| 952 |
|
|
|0 0
|1 0
|4 0
|6 3166VÁNĚJ
|7 0
|8 BOOK
|9 126105
|a UTBZL
|b UTBZL
|c 006
|d 2014-02-19
|l 4
|o 316.6/VÁNĚ,J.
|p 420010152425
|r 2024-08-08 00:00:00
|s 2024-06-03
|v 199.00
|w 2019-08-26
|x N:nákup; | 20100831
|y 04
|
| 992 |
|
|
|a BK
|b SK
|d 2
|
| 901 |
|
|
|b 9788026100850
|f 1. vyd.
|o 20120621
|
| 999 |
|
|
|c 69442
|d 69442
|